| 000 | 00681nam a2200205 a 4500 | ||
|---|---|---|---|
| 005 | 20240919064002.0 | ||
| 008 | 030826s1997 mx r 000 0 spa d | ||
| 020 | _a9706541764 | ||
| 035 | _aUPN01000128198 | ||
| 049 | _aCG | ||
| 050 | 4 |
_aLB2395 _bC6.5 |
|
| 245 | 0 | 3 |
_aLa construcción permanente del sistema modular / _ccoord. y ed. Luis Berruecos Villalobos. |
| 260 |
_aMéxico : _bUAM-Xochimilco, _c1997. |
||
| 300 | _a528 p. | ||
| 650 | 2 |
_aMétodos de enseñanza _95706 |
|
| 650 | 4 |
_aEducación superior _zMéxico _xPlanes y programas _91547 |
|
| 610 | 2 | 4 |
_aUniversidad Autónoma Metropolitana (México) _920001 |
| 700 | 1 |
_aBerruecos Villalobos, Luis, _eed. |
|
| 905 | _aLibro | ||
| 999 |
_c100377 _d100377 |
||